عرض عادي
عرض مارك
- الجوالدة، فؤاد عيد.
مدخل إسم شخص
001 - رقم الضبط
- حقل الضبط: 12475
003 - معرف رقم الضبط
- حقل الضبط: OSt
005 - تاريخ ووقت أخر عملية
- حقل الضبط: 20120507143925.0
008 - عناصر بيانات ثابتة الطول
- حقل تحكم ثابت الطول: 120507|||a|||||| | ||| d
040 ## - مصدر الفهرسة
- هيئة الفهرسة الأصلية: OSt
- وكالة الكتابة: OSt
100 ## - مدخل -- أسم شخص
- إسم شخص: الجوالدة، فؤاد عيد.
670 ## - بيانات المصدر موجوده
- الاستشهاد بالمصدر: Work cat.: (OSt): الجوالدة، فؤاد عيد., الأساليب التربوية والأساليب العلاجية لذوي الحاجات الخاصة =, 2012
